Régimen jurídico de los sistemas de retribución de los administradores sociales /
Wedi'i Gadw mewn:
| Prif Awdur: | |
|---|---|
| Awduron Eraill: | |
| Fformat: | Electronig eLyfr |
| Iaith: | Sbaeneg |
| Cyhoeddwyd: |
Madrid :
Marcial Pons,
2021.
|
| Pynciau: | |
| Mynediad Ar-lein: | Digitalia Hispánica |
| Tagiau: |
Ychwanegu Tag
Dim Tagiau, Byddwch y cyntaf i dagio'r cofnod hwn!
|
MARC
| LEADER | 00000nam a2200000Ii 4500 | ||
|---|---|---|---|
| 001 | DIGMPONS0162 | ||
| 003 | NyNyDIG | ||
| 008 | 230309s2021 sp ob 000 0 spa d | ||
| 006 | m o d | ||
| 007 | cr ||||||||||| | ||
| 035 | |a (OCoLC)1347696113 | ||
| 040 | |a DGITA |b eng |e rda |e pn |c DGITA | ||
| 020 | |a 9788413812366 |q eBook | ||
| 020 | |z 9788413810614 | ||
| 043 | |a e-sp--- | ||
| 050 | 1 | 4 | |a KKT1058.S25 ebook |
| 100 | 1 | |a Gimeno Ribes, Miguel, |e author. | |
| 245 | 1 | 0 | |a Régimen jurídico de los sistemas de retribución de los administradores sociales / |c Miguel Gimeno Ribes ; prólogo de José Miguel Embid Irujo. |
| 264 | 1 | |a Madrid : |b Marcial Pons, |c 2021. | |
| 300 | |a 1 online resource. | ||
| 336 | |a text |b txt |2 rdacontent | ||
| 337 | |a computer |b c |2 rdamedia | ||
| 338 | |a online resource |b cr |2 rdacarrier | ||
| 347 | |a text file |2 rdaft | ||
| 347 | |b EPUB | ||
| 504 | |a Includes bibliographical references. | ||
| 588 | 0 | |a Online resource; title from ePub title page (Digitalia, viewed March 9, 2023) | |
| 650 | 0 | |a Executives |x Salaries, etc. |x Law and legislation |z Spain. | |
| 700 | 1 | |a Embid Irujo, José Miguel, |e contributor agent of text. | |
| 791 | 2 | |a Digitalia (Firm), |e distributor. | |
| 793 | 0 | |g Digitalia eBook Collection: |a Marcial Pons | |
| 776 | 0 | 8 | |i Print version: |a Gimeno Ribes, Miguel. |t Régimen jurídico de los sistemas de retribución de los administradores sociales. |d Madrid : Marcial Pons, 2021 |z 9788413810614 |
| 856 | 4 | 0 | |3 Digitalia Hispánica |u https://digitalia.unach.elogim.com/a/118750/ |
| 910 | |a Premium collection: 2023 | ||